| 000 | 02157cam a22004217a 4500 | ||
|---|---|---|---|
| 999 |
_c6612 _d6612 |
||
| 001 | 15167462 | ||
| 003 | OSt | ||
| 005 | 20200207115249.0 | ||
| 008 | 080205s2009 caua b 001 0 eng | ||
| 010 | _a 2008922349 | ||
| 015 |
_aGBA770860 _2bnb |
||
| 016 | 7 |
_a101495109 _2DNLM |
|
| 016 | 7 |
_a013833773 _2Uk |
|
| 020 | _a9780761962113 | ||
| 020 | _a0761962115 | ||
| 020 | _a9780761962120 (pbk.) | ||
| 020 | _a0761962123 (pbk.) | ||
| 035 | _a(OCoLC)ocn276910802 | ||
| 040 |
_aNLM _cNLM _dERL _dNLGGC _dYDXCP _dCDX _dUKM _dSTJ _dIOG _dDLC |
||
| 042 |
_anlmcopyc _alccopycat |
||
| 050 | 0 | 0 |
_aRC553.A88 _bB68 2009 |
| 060 | 0 | 0 | _a2009 B-140 |
| 082 |
_a543.5 _bBOU 2009 |
||
| 100 | 1 |
_aBoucher, Jill. _913601 |
|
| 245 | 1 | 4 |
_aThe autistic spectrum : _bcharacteristics, causes, and practical issues / _cJill Boucher. |
| 260 |
_aLos Angeles : _bSAGE, _c2009. |
||
| 300 |
_ax, 412 p. : _bill. ; _c24 cm. |
||
| 504 | _aIncludes bibliographical references (p. [364]-400) and index. | ||
| 505 | 0 | _aThe subtypes model of autism : concept and definitions -- The spectrum model of autism : concept and definitions -- Filling in the picture : from conformity to diversity -- Facts and figures : epidemiology and lifespan development -- What is autism? Personal view -- A framework for explaining autism -- First causes and brain bases -- Explaining the social, emotional, and communication impairments -- Explaining the repetitive behaviours and lack of imaginative creativity -- Explaining other universal or common behavioural characteristics -- Explaining autism as a whole : attempts at a synthesis -- What causes autism : personal view -- Assessment, diagnosis and screening -- Intervention -- Care. | |
| 650 | 0 |
_aAutism. _913602 |
|
| 650 | 1 | 2 |
_aAutistic Disorder. _913603 |
| 650 | 1 | 7 |
_aAutisme. _2gtt _913604 |
| 856 | 4 | 2 |
_3Publisher description _uhttp://www.loc.gov/catdir/enhancements/fy1008/2008922349-d.html |
| 856 | 4 | 1 |
_3Table of contents only _uhttp://www.loc.gov/catdir/enhancements/fy1008/2008922349-t.html |
| 906 |
_a7 _bcbc _ccopycat _d2 _encip _f20 _gy-gencatlg |
||
| 942 |
_2ddc _cO_SHELF |
||